1364 1559 1247 1186 1589 1488 1426 1893 1507 1217 1834 1137 1264 1576 1006 1323 1647 1934 1290 1579 1003 1730 1459 1998 1886 1374 1712 1990 1652 1203 1536 1028 1409 1077 1081 1577 1723 1514 1931 1148 1726 1534 1034 1414 1089 1345 1144 1809 1335 1252 1542 1501 1137 1447 1526 1883 1118 1689 1940 1840 1721 1655 1559 1418 1350 1311 1499 1157 1828 1704 1201 1604 1002 1473 1397 1972 1498 1982 1090 1951 1069 1334 1074 1204 1096 1254 1494 1618 1151 1439 1403 1666 1038 1958 1046 1570 1170 1684 1396 BCNSPRNW ULIB Ver.6.0+V

เปลี่ยนเป็นภาษาไทย

Change to English
 แสดงรายละเอียดบรรณานุกรม
  กลับหน้าหลัก

Brief Record : Get Marc (ISO 2709) : E-mail record : QR code < ปิดหน้าต่าง
LEADER : 00000nam 2200000uu 4500
001    13399112319
003     ULIB
008    110627s||||||||th 000 0 tha d
020    9786160603626
090    นว.^bJ111T มปป.
100 0  Just Nightmare
245 00 The Puzzle one...คดี(ไม่)ลับฉบับนางมาร/^cJust Nightmare
260    กรุงเทพฯ :^bแจ่มใส,^cมปป.
300    199 หน้า
710 1  แจ่มใส
945    ^p149^l0^i030403
995    ทศพร
999 ^a ใช้งานได้ทุกระบบ
รายการนี้ยังไม่มีแท็ก
คุณยังไม่ได้ล็อกอิน คุณสามารถมีกิจกรรมร่วมกับเว็บไซต์ได้ แต่ต้องล็อกอินก่อน ::
  ล็อกอิน

รายการสื่อสารสนเทศ

ลำดับที่ ประเภท เลขเรียก/บาร์โค้ด สถานที่ สถานะ
- ไม่พบข้อมูล -

BibComment


ยังไม่เคยถูกคอมเมนท์

คอมเมนท์ทรัพยากรรายการนี้
  คอมเมนท์: The Puzzle oneคดี..


 Copyright 2026. Bcnsprnw @Library